Представление документа в формате RUSMARC

ПолеНазваниеЗначение
  Тип записи a
  Библиографический уровень a
001 Контрольный номер RU/IS/BASE/472654215
005 Дата корректировки 20240207193053.5
100 Данные общей обработки __
a Данные общей обработки 20141223d2014 ||| 0rusy0189 ca
101 Язык документа 0_
a Язык текста rus
102 Страна публикации __
a Страна публикации RU
105 Кодированные данные (монография) __
a Кодированные данные (монография) y###||||000|y
200 Заглавие и сведения об ответственности 1_
a Заглавие Из истории формирования коллекций Ульяновского музея-мемориала В. И. Ленина
b Общее обозначение материала Текст
f Первые сведения об ответственности В. М. Костягина
461 Уровень набора _0
1 2001
a Коллекционеры и меценаты Поволжья [Текст] : материалы V Поливановских чтений. 27-28 ноября 2007 года / отв. ред. Л. П. Баюра. - Ульяновск : Корпорация технологий продвижения.
463 Уровень физической единицы _0
1 2001
v С. 124-130
1 210
d 2007
600 Персоналии _0
a Персоналии (Фамилия) Ленин
b Персоналии (Имя, инициалы) В. И.
g Полное имя Владимир Ильич
606 Тематические рубрики 0_
a Основная рубрика Музей-мемориал В. И. Ленина - Музейные коллекции
610 Ключевые слова 0_
a Ключевые слова музеи
610 Ключевые слова 0_
a Ключевые слова музей-мемориал Ленина
610 Ключевые слова 0_
a Ключевые слова коллекции
610 Ключевые слова 0_
a Ключевые слова книги
610 Ключевые слова 0_
a Ключевые слова Ленинский мемориал
686 Индексы других классификаций __
a Классификационный индекс 79.18
2 Код системы rubbk
700 Автор _1
a Фамилия Костягина
b Имя (инициалы) В. М.
801 Источник записи _0
a Страна RU
b Организация Ульяновская ОБДЮ
c Дата составления 20141223
g Правила каталогизации RCR
801 Источник записи _1
a Страна RU
b Организация Ульяновская ОБДЮ
c Дата составления 20141223
g Правила каталогизации RCR
901 Тип документа __
t Тип документа b
910 Корректоры записи __
a Корректор записи workuser
919 __
a workuser
938 Служебная информация __
a Имя БД BibKray
b Имя библиотеки ОБДЮ